| 000 | 00776nam a2200241 i 4500 | ||
|---|---|---|---|
| 001 | bg | ||
| 100 | 1 | _aSOUVOROV, Aleksandr V. | |
| 245 | 1 | 0 |
_aMarine ecologonomics : _bthe ecology and economics of marine natural resources management / _cby Aleksandr V. Souvorov. |
| 260 |
_aAmsterdam [etc.] : _bElsevier, _c1999. |
||
| 300 |
_aVI, 218 s. ; _c24 cm. |
||
| 490 | 1 |
_aDevelopments in Environmental Economics ; _vVol.6 |
|
| 504 | _aBibliogr. s.205-215. - Indeks. | ||
| 650 | 9 |
_aMorze _xekologia |
|
| 650 | 9 | _aGospodarka morska | |
| 830 | _aDevelopments in Environmental Economics ; | ||
| 020 | _a0444826599 | ||
| 040 | _cBPK | ||
| 041 | 0 | _aen | |
| 080 | _a338.4(26):574.5:504.75 | ||
| 920 | _a0-444-82659-9 | ||
| 942 | _cKS | ||
| 008 | s pl f |000 0 pol | ||
| 999 |
_c37614 _d37614 |
||
| 856 |
_uhttp://koha.tu.koszalin.pl/cgi-bin/koha/opac-detail.pl?biblionumber=37614 _yKatalog online BPK |
||